| 000 | 00779nam a22002415i 4500 | ||
|---|---|---|---|
| 001 | 178390 | ||
| 003 | ES-MaACL | ||
| 005 | 20250827100620.0 | ||
| 008 | 110526s1970 sp |||| | spa d | ||
| 080 | _a930.85 | ||
| 080 | _a94(460) | ||
| 100 | 1 |
_aTéllez, José. _9146713 |
|
| 245 | 1 | 3 |
_aLa independencia de España / _cpor José Téllez. |
| 260 |
_aMadrid : _bDelblan, _cD. L. 1970. |
||
| 300 |
_a16 p. ; _c16 cm. |
||
| 490 | 1 |
_aMosaico cultural. 8. Historia universal ; _v19 |
|
| 500 | _aEncuadernado con otros títulos. | ||
| 650 | 0 | 4 |
_aCivilización- _xHistoria _911082 |
| 651 | 4 |
_aEspaña- _xHistoria. _98209 |
|
| 830 | 0 | 0 |
_aMosaico cultural. _pHistoria universal _v19 _9190931 |
| 852 |
_aES-MaACL _jE-15195 (19) _xOlim P-1923 |
||
| 999 |
_c178390 _d178390 |
||